| 000 | 00565nab a2200193 a 4500 | ||
|---|---|---|---|
| 005 | 20210219155948.0 | ||
| 008 | 991125s1985 mx 000 0 spa u | ||
| 035 | _aUPN01000155517 | ||
| 100 | 1 | _aMisses, Judit Bokser | |
| 222 | _aDFENSOR : ORGANO OFICIAL DE DIFUSION DE LA COMISION DE DERECHOS HUMANOS DEL DISTRITO FEDERAL | ||
| 245 | _aEl derecho de saber y el derecho de ser | ||
| 260 | _aMéxico | ||
| 300 | _a24-28 | ||
| 362 | 0 | _a2007 Año 5, no. 4, abr. | |
| 653 | 0 | _aGENERO | |
| 653 | 0 | _aEXCLUSION SOCIAL | |
| 653 | 0 | _aLIBERTAD | |
| 905 | _aArticulo | ||
| 999 |
_c127632 _d127632 |
||